000
00329nam a22001457a 4500
003
OSt
005
20160727222357.0
008
160622b xxu||||| |||| 00| 0 eng d
040
_c
test
100
_9
558
_a
Coffey, T, M
245
_a
The Donkey's Gift
260
_a
N.Y
_b
Crown
_c
1984
300
_a
The Donkey's Gift
942
_2
ddc
_c
BK
999
_c
467
_d
467